[Event "BL 1213 Wiesbadener SV - Hamburger SK"]
[Site "?"]
[Date "2013.04.06"]
[Round "14.6"]
[White "Carlstedt, Jonathan"]
[Black "Ftacnik, Lubomir Dr"]
[Result "1/2-1/2"]
[WhiteElo "2383"]
[BlackElo "2547"]
[PlyCount "58"]
[EventDate "2013.??.??"]

1. c4 Nf6 2. g3 e5 3. Bg2 d5 4. cxd5 Nxd5 5. Nc3 Nb6 6. Nf3 Nc6 7. O-O Be7 8.
d3 O-O 9. Be3 Be6 10. Rc1 f5 11. b4 Bf6 12. Bc5 Rf7 13. b5 Ne7 14. e4 a6 15. d4
exd4 16. Nxd4 Bxd4 17. Qxd4 Qxd4 18. Bxd4 Bc4 19. bxa6 Rxa6 20. Rfd1 Nc6 21. e5
Nxd4 22. Rxd4 c6 23. Rb1 Rd7 24. Rxd7 Nxd7 25. Rxb7 Nxe5 26. a4 g5 27. Rc7 g4
28. Bf1 Nf3+ 29. Kg2 Ne1+ 1/2-1/2

[Event "BL 1213 Wiesbadener SV - Hamburger SK"]
[Site "?"]
[Date "2013.04.06"]
[Round "14.7"]
[White "Rogozenco, Dorian"]
[Black "Dubkov, Andrej"]
[Result "1-0"]
[WhiteElo "2503"]
[BlackElo "2327"]
[PlyCount "75"]
[EventDate "2013.??.??"]

1. d4 e6 2. c4 f5 3. g3 Nf6 4. Bg2 Be7 5. Nf3 d6 6. O-O O-O 7. Nc3 a5 8. Re1
Ne4 9. Qc2 Nc6 10. Nxe4 Nb4 11. Qb1 fxe4 12. Qxe4 e5 13. g4 c6 14. a3 d5 15.
Qb1 e4 16. Ne5 Na6 17. cxd5 cxd5 18. Be3 Nc7 19. f3 exf3 20. exf3 Ne6 21. Qc1
g5 22. Qd2 Bd6 23. Bf2 Nf4 24. Bg3 Qf6 25. Rac1 Be6 26. Bxf4 gxf4 27. Qf2 Rac8
28. Rxc8 Rxc8 29. h4 Rc7 30. Bf1 Qd8 31. Bd3 Rg7 32. Kf1 Be7 33. Nc6 bxc6 34.
Rxe6 Bxh4 35. Qc2 Rc7 36. Bxh7+ Kh8 37. Bf5 Bf6 38. Qh2+ 1-0

[Event "BL 1213 Wiesbadener SV - Hamburger SK"]
[Site "?"]
[Date "2013.04.06"]
[Round "14.8"]
[White "Gottschalk, Jens"]
[Black "Heinemann, Thies"]
[Result "0-1"]
[WhiteElo "2269"]
[BlackElo "2479"]
[PlyCount "76"]
[EventDate "2013.??.??"]

1. d4 Nf6 2. c4 e6 3. g3 d5 4. Bg2 Bb4+ 5. Bd2 Be7 6. Nf3 c6 7. Qc2 Nbd7 8. O-O
b6 9. Bf4 Ba6 10. Nbd2 O-O 11. Rfe1 Nh5 12. cxd5 Nxf4 13. gxf4 cxd5 14. Qa4 Bb7
15. Rac1 a6 16. Qb3 b5 17. Ne5 Nxe5 18. fxe5 Qb6 19. Qe3 Rac8 20. Nb3 Rc4 21.
Nc5 Rc8 22. b3 Bxc5 23. bxc4 Bxd4 24. Qg3 bxc4 25. e3 Bb2 26. Rc2 c3 27. Bf1
Bc6 28. Qh4 Bb5 29. Rb1 Ra8 30. Qb4 Qd8 31. Bxb5 axb5 32. Rcxb2 cxb2 33. Qxb2
h6 34. f4 Qh4 35. Qe2 d4 36. Rxb5 dxe3 37. Rb4 Rd8 38. Qc2 Qg4+ 0-1

[Event "BL 1213 SV Mülheim Nord - SG Solingen"]
[Site "?"]
[Date "2013.04.06"]
[Round "14.2"]
[White "Navara, David"]
[Black "Stellwagen, Daniel"]
[Result "1/2-1/2"]
[WhiteElo "2722"]
[BlackElo "2622"]
[PlyCount "60"]
[EventDate "2013.??.??"]

1. d4 Nf6 2. c4 g6 3. Nc3 Bg7 4. e4 d6 5. Nf3 O-O 6. h3 Na6 7. Bg5 Qe8 8. g4 c6
9. Be2 Nc7 10. Qb3 Rb8 11. a4 a5 12. Be3 Na6 13. e5 dxe5 14. Nxe5 Nd7 15. f4 c5
16. Nxd7 Bxd7 17. dxc5 Bc6 18. O-O e6 19. Rad1 Qe7 20. Rd6 Rfc8 21. Nb5 Bxb5
22. Qxb5 Nxc5 23. Bxc5 Rxc5 24. Qxc5 Bf8 25. Rfd1 Rd8 26. f5 Rxd6 27. Qxd6 Qxd6
28. Rxd6 Bxd6 29. fxe6 fxe6 30. Kg2 Kg7 1/2-1/2

[Event "BL 1213 SV Mülheim Nord - SG Solingen"]
[Site "?"]
[Date "2013.04.06"]
[Round "14.3"]
[White "Sandipan, Chanda"]
[Black "Fridman, Daniel"]
[Result "1/2-1/2"]
[WhiteElo "2596"]
[BlackElo "2670"]
[PlyCount "59"]
[EventDate "2013.??.??"]

1. d4 d5 2. c4 e6 3. Nf3 Nf6 4. Nc3 Be7 5. Bg5 h6 6. Bxf6 Bxf6 7. e3 O-O 8. Rc1
c6 9. Bd3 Nd7 10. cxd5 exd5 11. b4 a6 12. a4 Be7 13. b5 Bb4 14. bxc6 bxc6 15.
O-O a5 16. e4 dxe4 17. Nxe4 Bb7 18. Ne5 Rc8 19. Bc4 Rc7 20. f4 Nf6 21. Nc5 Bc8
22. Kh1 Bxc5 23. dxc5 Qxd1 24. Rfxd1 Ng4 25. Rd6 Nxe5 26. fxe5 Re8 27. Bd3 Bd7
28. Re1 Kf8 29. h3 Rb8 30. Bc4 1/2-1/2

[Event "BL 1213 SV Mülheim Nord - SG Solingen"]
[Site "?"]
[Date "2013.04.06"]
[Round "14.4"]
[White "Landa, Konstantin"]
[Black "Smeets, Jan"]
[Result "1/2-1/2"]
[WhiteElo "2641"]
[BlackElo "2613"]
[PlyCount "26"]
[EventDate "2013.??.??"]

1. d4 d5 2. c4 c6 3. cxd5 cxd5 4. Bf4 Nc6 5. e3 Nf6 6. Nc3 Bg4 7. f3 Bd7 8. Bd3
{e6a9. g4} Nb4 9. Bb1 Bc6 10. Nge2 {Bd6 a3} Na6 {fxg4 Na6 O-O-O Qe7 Rdf1 O-O-O
Qf2 Rdf8 Qg3 Rh6} 11. h3 b6 12. Rh2 {Rfh8 Kb1 Kb7 Rhh1 f6 Rc1 Qf8 Na2} Qb8 {
Qg2 Qd6 Ndb4 Nxb4 Nxb4 Bb5} 13. e4 {a5 exd5 axb4 dxe6+ Kb8 exd7 bxa3 Bf5} Bd7 {
Bxd7 Qxd7 Qg3+ Kb7 Qf3+ Kb8 Qg3+ Kb7 Qf3+ Kb8 Rc3 axb2 Kxb2 Rd8 Rd1} 1/2-1/2

[Event "BL 1213 SV Mülheim Nord - SG Solingen"]
[Site "?"]
[Date "2013.04.06"]
[Round "14.5"]
[White "L'Ami, Erwin"]
[Black "Tregubov, Pavel V"]
[Result "1/2-1/2"]
[WhiteElo "2631"]
[BlackElo "2601"]
[PlyCount "73"]
[EventDate "2013.??.??"]

1. d4 d5 2. c4 e6 3. Nc3 c6 4. e3 Bd6 5. Bd3 f5 6. Qc2 Nf6 7. Nge2 O-O 8. f3 a6
9. Bd2 Kh8 10. c5 Bc7 11. O-O-O Nbd7 12. h3 b6 13. cxb6 Nxb6 14. g4 a5 15. Nf4
Bxf4 16. exf4 Ba6 17. Bxa6 Rxa6 18. Na4 Nxa4 19. Qxa4 Nd7 20. Rhe1 Qc8 21. Qc2
Nb6 22. gxf5 Rxf5 23. Rxe6 Qxe6 24. Re1 Qxe1+ 25. Bxe1 Rf8 26. f5 Raa8 27. Bh4
Nd7 28. Kd1 Rac8 29. Be7 Rf7 30. Bd6 Rf6 31. Be5 Rf7 32. h4 h6 33. f4 c5 34.
Bd6 Rf6 35. Be5 Rf7 36. Bd6 Rf6 37. Be5 1/2-1/2

[Event "BL 1213 SV Mülheim Nord - SG Solingen"]
[Site "?"]
[Date "2013.04.06"]
[Round "14.8"]
[White "Hausrath, Daniel"]
[Black "Hoffmann, Michael"]
[Result "1-0"]
[WhiteElo "2484"]
[BlackElo "2474"]
[PlyCount "66"]
[EventDate "2013.??.??"]

1. Nf3 Nf6 2. g3 d5 3. Bg2 e6 4. d4 b5 5. a4 b4 6. c4 bxc3 7. Nxc3 Be7 8. O-O
O-O 9. Bf4 Nbd7 10. Nb5 Ne8 11. Rc1 c5 12. dxc5 Bxc5 13. Ne5 Nxe5 14. Rxc5 Ng6
15. Be3 Bd7 16. Qc2 a6 17. Nd4 Nd6 18. b3 Ne4 19. Bxe4 dxe4 20. Rd1 Qe8 21.
Qxe4 Ne7 22. Bc1 Nd5 23. Qe5 f5 24. Bb2 Qf7 25. Nxf5 exf5 26. Qxd5 Be6 27. Qe5
Ra7 28. b4 Bb3 29. Rdc1 Re7 30. Qd6 Re6 31. Qd4 Rxe2 32. Rxf5 Qe7 33. Rxf8+
Qxf8 1-0

[Event "BL 1213 SF Katernberg - SV Wattenscheid"]
[Site "?"]
[Date "2013.04.06"]
[Round "14.2"]
[White "Firman, Nazar"]
[Black "Rustemov, Alexander"]
[Result "1-0"]
[WhiteElo "2531"]
[BlackElo "2544"]
[PlyCount "81"]
[EventDate "2013.??.??"]

1. e4 e6 2. d4 d5 3. Nd2 c5 4. exd5 Qxd5 5. dxc5 Bxc5 6. Ngf3 Nf6 7. Bc4 Qc6 8.
Qe2 O-O 9. O-O Nbd7 10. Nb3 b6 11. Nxc5 Nxc5 12. Ne5 Qe4 13. Qxe4 Nfxe4 14. Rd1
Bb7 15. a4 Rfd8 16. Rxd8+ Rxd8 17. Be3 f6 18. Nd3 Bd5 19. Bxd5 exd5 20. Nb4 Rd7
21. c3 Kf7 22. a5 Ke6 23. axb6 axb6 24. Re1 Kf7 25. f3 Ng5 26. Rd1 Ke6 27. Bf2
Nf7 28. Re1+ Kd6 29. Re8 Ne5 30. Bg3 Ra7 31. Rd8+ Rd7 32. Rb8 Rb7 33. Rh8 Ke6
34. Rxh7 Nc4 35. Nc6 Kf5 36. h4 Nxb2 37. h5 Ne6 38. Bf2 Nd3 39. Be3 Nef4 40.
g4+ Ke6 41. Nd8+ 1-0

[Event "BL 1213 SF Katernberg - SV Wattenscheid"]
[Site "?"]
[Date "2013.04.06"]
[Round "14.3"]
[White "Appel, Ralf"]
[Black "Siebrecht, Sebastian"]
[Result "1-0"]
[WhiteElo "2525"]
[BlackElo "2479"]
[PlyCount "173"]
[EventDate "2013.??.??"]

1. Nf3 Nf6 2. c4 e6 3. g3 b6 4. Bg2 Bb7 5. O-O c5 6. Nc3 Be7 7. d4 cxd4 8. Qxd4
d6 9. b3 O-O 10. Ba3 d5 11. Bxe7 Qxe7 12. cxd5 Nxd5 13. Rac1 Nxc3 14. Rxc3 Nc6
15. Qf4 Rad8 16. Rfc1 Rd6 17. h4 Rfd8 18. Kh2 h6 19. Rc4 Qe8 20. Ne5 Nxe5 21.
Qxe5 Bxg2 22. Kxg2 Rd5 23. Qe4 Rd2 24. a4 b5 25. Rb4 R2d5 26. Qf3 a6 27. Rf4
Qd7 28. Rc2 e5 29. Rg4 Rd6 30. h5 Re8 31. axb5 axb5 32. Rc5 Rd1 33. Re4 Rd5 34.
Rxd5 Qxd5 35. Rg4 Rd8 36. Re4 Rd6 37. Qf5 Re6 38. b4 Qd6 39. f3 Qe7 40. Rg4 Rf6
41. Qc8+ Qf8 42. Qd7 Qb8 43. Re4 Rd6 44. Qf5 Re6 45. Re3 Qc7 46. Rd3 Re8 47.
Qd7 Qb8 48. e4 Qa8 49. Rd2 Rb8 50. Qc7 Re8 51. Qd7 Rb8 52. Qd5 Qa1 53. Rc2 Qa4
54. Rc7 Rf8 55. Qc5 Qa2+ 56. Qc2 Ra8 57. Rc8+ Kh7 58. Qxa2 Rxa2+ 59. Kh3 Rb2
60. Rc5 Rxb4 61. Rxe5 g6 62. Re7 Kg7 63. Kg4 Rb3 64. hxg6 Kxg6 65. Rb7 Rb1 66.
Rb6+ Kg7 67. e5 b4 68. f4 b3 69. Kf5 h5 70. Rb8 b2 71. Rb7 Rg1 72. Rxb2 Rxg3
73. Rh2 Kh6 74. Kf6 Rg4 75. f5 Rf4 76. Rg2 h4 77. Rg8 Kh5 78. Rg7 h3 79. Rxf7
Kg4 80. Rg7+ Kf3 81. e6 Rh4 82. e7 Rh8 83. Rg1 h2 84. Rh1 Kg2 85. Rxh2+ Kxh2
86. Kg7 Re8 87. Kf7 1-0

[Event "BL 1213 SF Katernberg - SV Wattenscheid"]
[Site "?"]
[Date "2013.04.06"]
[Round "14.5"]
[White "Holzke, Frank Dr"]
[Black "Kotainy, Jens"]
[Result "0-1"]
[WhiteElo "2521"]
[BlackElo "2413"]
[PlyCount "44"]
[EventDate "2013.??.??"]

1. e4 e6 2. d4 d5 3. Nd2 h6 4. Ngf3 Nf6 5. e5 Nfd7 6. Bd3 c5 7. c3 Nc6 8. O-O
g5 9. dxc5 Bxc5 10. Qe2 g4 11. Nd4 Ncxe5 12. Bb5 Qc7 13. f4 gxf3 14. N2xf3 Ng6
15. Kh1 a6 16. Nxe6 fxe6 17. Qxe6+ Ne7 18. Nd4 Kd8 19. Qf7 Bxd4 20. Bf4 Be5 21.
Bxe5 Qxe5 22. Rae1 Qg5 0-1

[Event "BL 1213 SF Katernberg - SV Wattenscheid"]
[Site "?"]
[Date "2013.04.06"]
[Round "14.6"]
[White "Ris, Robert"]
[Black "Hirneise, Tobias"]
[Result "1-0"]
[WhiteElo "2394"]
[BlackElo "2448"]
[PlyCount "95"]
[EventDate "2013.??.??"]

1. d4 Nf6 2. c4 e6 3. Nc3 Bb4 4. e3 O-O 5. Bd3 c5 6. Nf3 b6 7. O-O Bb7 8. Na4
cxd4 9. exd4 Re8 10. a3 Bf8 11. Nc3 d6 12. Re1 Nbd7 13. Bf4 a6 14. h3 g6 15.
Bh2 Qc7 16. Rc1 Rad8 17. b4 Qb8 18. Bf1 e5 19. d5 Qa8 20. Qb3 Rc8 21. Rcd1 Rc7
22. g4 b5 23. cxb5 Rec8 24. Re3 Nb6 25. bxa6 Bxd5 26. Nxd5 Nfxd5 27. Rxd5 Nxd5
28. Rd3 e4 29. Qxd5 exd3 30. Qxa8 Rxa8 31. b5 Rc3 32. a4 Be7 33. Bf4 Bd8 34.
Be3 Ra3 35. Kg2 d5 36. Bc5 Rc3 37. Bd4 Ra3 38. Bc5 Rb3 39. a7 Ba5 40. Be3 d4
41. Nxd4 Rc3 42. Nc6 Rxc6 43. bxc6 d2 44. Be2 Kf8 45. c7 Ke7 46. Bxd2 Bxd2 47.
Bf3 Rf8 48. Bb7 1-0

[Event "BL 1213 SF Katernberg - SV Wattenscheid"]
[Site "?"]
[Date "2013.04.06"]
[Round "14.7"]
[White "Dinstuhl, Volkmar Dr"]
[Black "Thesing, Matthias"]
[Result "1-0"]
[WhiteElo "2409"]
[BlackElo "2399"]
[PlyCount "67"]
[EventDate "2013.??.??"]

1. d4 Nf6 2. c4 e6 3. Nc3 Bb4 4. f3 d5 5. a3 Bxc3+ 6. bxc3 c6 7. e4 dxe4 8.
fxe4 e5 9. Nf3 Nxe4 10. Qc2 f5 11. Bd3 O-O 12. O-O Nd7 13. Bxe4 fxe4 14. Qxe4
exd4 15. Bg5 Qe8 16. Qxd4 c5 17. Qd6 Qg6 18. Qd5+ Qf7 19. Qd3 Qg6 20. Qd2 h6
21. Bh4 Nb6 22. Ne5 Rxf1+ 23. Rxf1 Qe8 24. Qd6 Bd7 25. Be7 Bc6 26. Rf8+ Qxf8
27. Bxf8 Rxf8 28. Qe6+ Kh7 29. Qg6+ Kg8 30. Nxc6 bxc6 31. Qxc6 Rc8 32. Qe6+ Kh8
33. a4 Rf8 34. Qe7 1-0

[Event "BL 1213 SF Katernberg - SV Wattenscheid"]
[Site "?"]
[Date "2013.04.06"]
[Round "14.8"]
[White "Scholz, Christian"]
[Black "Straeter, Timo"]
[Result "1-0"]
[WhiteElo "2389"]
[BlackElo "2360"]
[PlyCount "85"]
[EventDate "2013.??.??"]

1. e4 e5 2. Nf3 Nc6 3. Bb5 g6 4. O-O Bg7 5. c3 a6 6. Ba4 d6 7. d4 Bd7 8. d5 Nb8
9. c4 Ne7 10. Nc3 O-O 11. Bxd7 Nxd7 12. b4 h6 13. Ne1 f5 14. Nd3 Nf6 15. f3 f4
16. g4 fxg3 17. hxg3 Nh5 18. Kg2 g5 19. Be3 Ng6 20. Rc1 Rf7 21. Nf2 Qd7 22. Rh1
Raf8 23. Rxh5 Rxf3 24. Qxf3 Rxf3 25. Kxf3 Qf7+ 26. Kg2 Nf4+ 27. gxf4 exf4 28.
Rh3 fxe3 29. Rxe3 g4 30. Ne2 h5 31. Rh1 Bh6 32. Rb3 Bg5 33. Nd4 Bf6 34. Nf5 Qg6
35. c5 Qg5 36. cxd6 cxd6 37. Nxd6 h4 38. Nf5 h3+ 39. Nxh3 gxh3+ 40. Kxh3 Be5
41. Rf3 Qd2 42. Ne7+ Kg7 43. Rg1+ 1-0

[Event "BL 1213 SV Hockenheim - SG Turm Trier"]
[Site "?"]
[Date "2013.04.06"]
[Round "14.1"]
[White "Howell, David W L"]
[Black "Buhmann, Rainer"]
[Result "1-0"]
[WhiteElo "2634"]
[BlackElo "2584"]
[PlyCount "73"]
[EventDate "2013.??.??"]

1. e4 e5 2. Nf3 Nc6 3. Bc4 Nf6 4. Ng5 d5 5. exd5 Na5 6. Bb5+ c6 7. dxc6 bxc6 8.
Qf3 Be7 9. Bd3 O-O 10. O-O h6 11. Ne4 Nxe4 12. Qxe4 f5 13. Qxe5 Bd6 14. Qe2 c5
15. Nc3 Kh8 16. Qh5 Nc6 17. b3 Ne5 18. Bb2 Nxd3 19. cxd3 Kh7 20. Rfe1 Qd7 21.
Re2 Bb7 22. Rae1 Rf6 23. Nb5 Rg6 24. Qxg6+ Kxg6 25. Nxd6 Bd5 26. Re7 Qxd6 27.
Rxg7+ Kh5 28. Re3 Bxg2 29. Rxg2 Kh4 30. Be5 Qc6 31. Rgg3 f4 32. Re4 Rf8 33.
Bxf4 Kh5 34. f3 Qd7 35. Be3 Rf5 36. Kf2 Qxd3 37. Re6 1-0

[Event "BL 1213 SV Hockenheim - SG Turm Trier"]
[Site "?"]
[Date "2013.04.06"]
[Round "14.2"]
[White "Baramidze, David"]
[Black "Lupulescu, Constantin"]
[Result "1/2-1/2"]
[WhiteElo "2615"]
[BlackElo "2613"]
[PlyCount "81"]
[EventDate "2013.??.??"]

1. d4 Nf6 2. c4 e6 3. Nf3 b6 4. g3 Bb4+ 5. Bd2 Bxd2+ 6. Qxd2 Ba6 7. b3 c6 8.
Bg2 d5 9. Ne5 O-O 10. O-O Nfd7 11. Nxd7 Nxd7 12. cxd5 cxd5 13. Na3 Qe7 14. Nc2
Bb7 15. a4 a5 16. b4 axb4 17. Qxb4 Qxb4 18. Nxb4 Rfc8 19. Rfb1 Kf8 20. e3 Bc6
21. Rc1 Bb7 22. Rcb1 Bc6 23. Rc1 Bb7 24. Rxc8+ Rxc8 25. Bf1 Nf6 26. Rb1 Ne4 27.
Nd3 Bc6 28. Rxb6 Bxa4 29. f3 Nf6 30. Nc5 Bc6 31. g4 h6 32. h4 Ke7 33. Ba6 Rc7
34. Rb8 Nd7 35. Nxd7 Bxd7 36. Rg8 Kf6 37. f4 g6 38. Rh8 Kg7 39. Rd8 Ba4 40. Rc8
Rxc8 41. Bxc8 1/2-1/2

[Event "BL 1213 SV Hockenheim - SG Turm Trier"]
[Site "?"]
[Date "2013.04.06"]
[Round "14.3"]
[White "Gordon, Stephen"]
[Black "Koch, Wolfgang Max Dr"]
[Result "1-0"]
[WhiteElo "2556"]
[BlackElo "2309"]
[PlyCount "67"]
[EventDate "2013.??.??"]

1. d4 d5 2. c4 c6 3. Nf3 Nf6 4. Nc3 g6 5. Bf4 Bg7 6. e3 O-O 7. h3 Nbd7 8. cxd5
Nxd5 9. Nxd5 cxd5 10. Bd3 Qa5+ 11. Qd2 Qxd2+ 12. Kxd2 f6 13. Bc7 e5 14. Bb5 e4
15. Ng1 a6 16. Ba4 b5 17. Bb3 Bb7 18. Ne2 Rfc8 19. Rhc1 Bh6 20. Rc2 a5 21. a4
bxa4 22. Rxa4 Bf8 23. Nf4 Kh8 24. Bxd5 Ra7 25. Bxb7 Rxb7 26. Bxa5 Ra8 27. b4
Nb6 28. Raa2 g5 29. Ne6 Nd5 30. Nc5 Bxc5 31. dxc5 Nxb4 32. Bxb4 Rxa2 33. Rxa2
Rxb4 34. Kc3 1-0

[Event "BL 1213 SV Hockenheim - SG Turm Trier"]
[Site "?"]
[Date "2013.04.06"]
[Round "14.5"]
[White "Cioara, Andrei Nestor"]
[Black "Gasthofer, Alexander"]
[Result "1-0"]
[WhiteElo "2483"]
[BlackElo "2441"]
[PlyCount "53"]
[EventDate "2013.??.??"]

1. d4 d5 2. c4 c6 3. Nf3 Nf6 4. Nc3 e6 5. g3 dxc4 6. Bg2 b5 7. a4 b4 8. Nb1
Nbd7 9. Bg5 Qa5 10. Bxf6 gxf6 11. O-O Ba6 12. Qc1 Rc8 13. Nfd2 Nb6 14. Re1 Be7
15. e4 O-O 16. Bf1 Rfd8 17. Nf3 Nxa4 18. Qh6 Bf8 19. Qxf6 Bg7 20. Qh4 c5 21.
Nbd2 b3 22. Bxc4 Bxc4 23. Nxc4 Qb4 24. Nce5 Rf8 25. Ng4 f6 26. e5 fxe5 27. Ng5
1-0

[Event "BL 1213 SV Hockenheim - SG Turm Trier"]
[Site "?"]
[Date "2013.04.06"]
[Round "14.6"]
[White "Rau, Hannes"]
[Black "Galyas, Miklos"]
[Result "1-0"]
[WhiteElo "2438"]
[BlackElo "2423"]
[PlyCount "87"]
[EventDate "2013.??.??"]

1. d4 f5 2. g3 Nf6 3. Bg2 g6 4. Nh3 Bg7 5. Nf4 Nc6 6. d5 Ne5 7. h4 c6 8. Nc3
cxd5 9. Ncxd5 e6 10. Nxf6+ Bxf6 11. e4 fxe4 12. Bxe4 d5 13. Bg2 O-O 14. O-O Qd6
15. Re1 Bd7 16. c4 d4 17. Nd3 Nxd3 18. Qxd3 Bc6 19. Bh6 Bxg2 20. Kxg2 Rf7 21.
b3 e5 22. Re4 Bg7 23. Bd2 Raf8 24. Rf1 Qa3 25. Re2 Rf3 26. Qe4 R3f5 27. Qxb7
Qxa2 28. Bh6 R5f7 29. Qxf7+ Rxf7 30. Rxa2 Bxh6 31. Re1 Re7 32. Rae2 Bg7 33. Kf3
Rb7 34. Rb1 d3 35. Rd2 Rd7 36. Ke3 Bh6+ 37. f4 exf4+ 38. gxf4 Re7+ 39. Kxd3
Bxf4 40. Re2 Rd7+ 41. Kc2 h6 42. Rd1 Rf7 43. Re6 Kg7 44. c5 1-0

[Event "BL 1213 SV Hockenheim - SG Turm Trier"]
[Site "?"]
[Date "2013.04.06"]
[Round "14.7"]
[White "Seger, Ruediger"]
[Black "Kuci, Blerim"]
[Result "1-0"]
[WhiteElo "2390"]
[BlackElo "2209"]
[PlyCount "77"]
[EventDate "2013.??.??"]

1. e4 d5 2. exd5 Qxd5 3. Nc3 Qa5 4. d4 Nf6 5. Nf3 Bg4 6. h3 Bxf3 7. Qxf3 c6 8.
Bd2 Nbd7 9. O-O-O e6 10. Kb1 Qc7 11. g4 Nd5 12. Ne4 N7f6 13. Nxf6+ Nxf6 14. c4
O-O-O 15. Bc3 Ne8 16. Bg2 Bd6 17. Rhe1 Kb8 18. Re2 Rd7 19. Rde1 Re7 20. b4 Ka8
21. Rb2 Qc8 22. c5 Bb8 23. b5 cxb5 24. Rxb5 Nf6 25. c6 Nd5 26. Rxd5 Qxc6 27.
Rc5 Qa6 28. Ka1 Bd6 29. Ra5 Qc4 30. Rb1 Rb8 31. Rab5 Qc8 32. Bd2 Rc7 33. Qb3
Qd7 34. Qa4 Bc5 35. Be3 Bb6 36. d5 Bxe3 37. fxe3 Rc5 38. dxe6 fxe6 39. Rxb7 1-0

[Event "BL 1213 SV Hockenheim - SG Turm Trier"]
[Site "?"]
[Date "2013.04.06"]
[Round "14.8"]
[White "Wagner, Dennis"]
[Black "Kolbus, Dietmar"]
[Result "1-0"]
[WhiteElo "2456"]
[BlackElo "2302"]
[PlyCount "157"]
[EventDate "2013.??.??"]

1. Nf3 d5 2. c4 c6 3. g3 Bg4 4. Bg2 e6 5. O-O Nd7 6. cxd5 cxd5 7. d3 Ne7 8. Qa4
Bxf3 9. Bxf3 Nc6 10. Nc3 Be7 11. Bd2 O-O 12. Rfc1 a6 13. Be1 Rc8 14. Bg2 Nc5
15. Qd1 b5 16. Rab1 Qb6 17. b4 Nb7 18. a3 Bg5 19. Bd2 Bxd2 20. Qxd2 Ne7 21. Na2
h6 22. h4 Rxc1+ 23. Nxc1 Rc8 24. Nb3 Rc6 25. e4 dxe4 26. Bxe4 Rc7 27. Rc1 Nd6
28. Nc5 Ra7 29. Qf4 Nxe4 30. dxe4 Ng6 31. Qe3 Ne5 32. Nxe6 Qb8 33. Nf4 Nc4 34.
Qd4 Re7 35. Nd5 Re6 36. Rc3 Qe8 37. f3 Qb8 38. Kh2 Kh8 39. f4 f6 40. Rd3 Rd6
41. a4 Qe8 42. a5 Qh5 43. Qf2 Qf7 44. Qf3 Qf8 45. Qh5 Qd8 46. Qf7 Rd7 47. Qg6
Rd6 48. Qf5 Nb2 49. Rc3 Nc4 50. Rd3 Nb2 51. Rd2 Nc4 52. Re2 Rc6 53. Qg6 Rd6 54.
h5 Qd7 55. g4 Re6 56. Kh3 Nd6 57. Rc2 Nc4 58. Rc3 Rd6 59. Rd3 Qd8 60. Kh2 Qf8
61. Qf5 Qd8 62. Kg1 Nb2 63. Rg3 Nc4 64. g5 fxg5 65. fxg5 hxg5 66. Rxg5 Qd7 67.
Qxd7 Rxd7 68. Kf2 Kh7 69. Rg6 Nd6 70. Ke3 Nf5+ 71. Kf4 Nd6 72. Ke5 Nc4+ 73. Kd4
Nd6 74. e5 Nf5+ 75. Kc5 Rxd5+ 76. Kxd5 Ne7+ 77. Kd6 Nxg6 78. hxg6+ Kxg6 79. e6
1-0

[Event "BL 1213 SC Eppingen - OSG Baden Baden"]
[Site "?"]
[Date "2013.04.06"]
[Round "14.1"]
[White "Svidler, Peter"]
[Black "Harikrishna, Pentala"]
[Result "1-0"]
[WhiteElo "2747"]
[BlackElo "2688"]
[PlyCount "153"]
[EventDate "2013.??.??"]

1. c4 e6 2. Nc3 d5 3. d4 Nf6 4. cxd5 exd5 5. Bg5 c6 6. Qc2 Na6 7. e3 Nb4 8. Qb3
Bf5 9. Rc1 Qb6 10. Bxf6 gxf6 11. Qd1 Qa5 12. Qd2 Nxa2 13. Ra1 Nxc3 14. Rxa5 Ne4
15. Qc2 Bb4+ 16. Kd1 Bxa5 17. Bd3 Nxf2+ 18. Qxf2 Bxd3 19. Qxf6 Rg8 20. Nh3 Bd8
21. Qe5+ Kd7 22. Nf4 Be4 23. Qh5 Rg7 24. Qh6 Rg8 25. Qh3+ Ke8 26. Rf1 Be7 27.
Ne2 Bd6 28. Rf6 Rd8 29. Nc3 Bg6 30. Rxd6 Rxd6 31. Qc8+ Rd8 32. Qxb7 Bh5+ 33.
Ke1 Rg6 34. h3 Re6 35. g4 Bg6 36. Kd2 Kf8 37. Qxa7 Rde8 38. Qa3+ Kg8 39. Ne2
R6e7 40. Qb3 Ra7 41. Nf4 Raa8 42. Ke2 Reb8 43. Qc3 Ra2 44. Qxc6 Raxb2+ 45. Kf3
Be4+ 46. Kg3 R2b3 47. Kh4 Rxe3 48. Qf6 Rf3 49. Qe5 Rf8 50. Qg5+ Bg6 51. Nxd5
Kg7 52. Qe7 h6 53. Nc7 Rc8 54. d5 Bd3 55. Qe5+ Kg8 56. Ne6 fxe6 57. Qxe6+ Kg7
58. Qd7+ Rf7 59. Qxc8 Bb5 60. Qc3+ Kh7 61. Qc2+ Kg8 62. Kh5 Be8 63. Kxh6 Rd7
64. Qc8 Rd6+ 65. Kg5 Rxd5+ 66. Kf6 Kf8 67. h4 Rd6+ 68. Ke5 Rc6 69. Qf5+ Bf7 70.
Qd7 Be8 71. Qd4 Rh6 72. Kf5 Rh7 73. h5 Kg8 74. Qd8 Kf8 75. Kg5 Rd7 76. Qf6+ Rf7
77. Qh8+ 1-0

[Event "BL 1213 SC Eppingen - OSG Baden Baden"]
[Site "?"]
[Date "2013.04.06"]
[Round "14.4"]
[White "Balogh, Csaba"]
[Black "Naiditsch, Arkadij"]
[Result "1/2-1/2"]
[WhiteElo "2664"]
[BlackElo "2704"]
[PlyCount "37"]
[EventDate "2013.??.??"]

1. e4 e5 2. Nf3 Nc6 3. Bb5 Nf6 4. O-O Nxe4 5. d4 Nd6 6. Bxc6 dxc6 7. dxe5 Nf5
8. Qxd8+ Kxd8 9. h3 Ke8 10. Nc3 h5 11. Rd1 Be7 12. Ne2 Be6 13. Nf4 Bc8 14. Ne2
Be6 15. Nf4 Bc8 16. Ne2 Be6 17. Nf4 Bc8 18. Ne2 Be6 19. Nf4 1/2-1/2

[Event "BL 1213 SC Eppingen - OSG Baden Baden"]
[Site "?"]
[Date "2013.04.06"]
[Round "14.5"]
[White "Kasimdzhanov, Rustam"]
[Black "Ruck, Robert"]
[Result "1-0"]
[WhiteElo "2690"]
[BlackElo "2567"]
[PlyCount "81"]
[EventDate "2013.??.??"]

1. e4 c6 2. d4 d5 3. Nc3 dxe4 4. Nxe4 Bf5 5. Ng3 Bg6 6. h4 h6 7. Nf3 Nd7 8. h5
Bh7 9. Bd3 Bxd3 10. Qxd3 e6 11. Bd2 Ngf6 12. O-O-O Be7 13. Kb1 Qb6 14. Rhe1 O-O
15. Nf5 exf5 16. Rxe7 Qd8 17. Re2 Ne4 18. g3 Ndf6 19. Nh4 Re8 20. Bc1 Qd7 21.
Qf3 Qd5 22. Ka1 Nd6 23. Qxd5 Nxd5 24. Rde1 Re4 25. f3 Rxd4 26. b3 Nc7 27. Be3
Rd5 28. c4 Rd3 29. Kb2 b5 30. c5 Nde8 31. Nxf5 Nd5 32. Bxh6 Nef6 33. Bxg7 Rxf3
34. Bxf6 Nxf6 35. Ne7+ Kf8 36. Nxc6 Rxg3 37. h6 Rh3 38. Nd4 Rxh6 39. Nxb5 Rh5
40. Nd6 Rxc5 41. Re7 1-0

[Event "BL 1213 SC Eppingen - OSG Baden Baden"]
[Site "?"]
[Date "2013.04.06"]
[Round "14.6"]
[White "Medvegy, Zoltan"]
[Black "Nielsen, Peter-Heine"]
[Result "1/2-1/2"]
[WhiteElo "2561"]
[BlackElo "2662"]
[PlyCount "60"]
[EventDate "2013.??.??"]

1. c4 c5 2. g3 g6 3. Bg2 Bg7 4. Nf3 Nc6 5. Nc3 d6 6. O-O Bf5 7. d3 Qd7 8. Bd2
Bh3 9. Rb1 Bxg2 10. Kxg2 Nf6 11. a3 O-O 12. b4 b6 13. Qa4 Rfd8 14. Nd5 Nxd5 15.
cxd5 Nd4 16. Qxd7 Rxd7 17. Nxd4 Bxd4 18. Rfc1 Rc7 19. Bc3 Rac8 20. b5 Bxc3 21.
Rxc3 Ra8 22. Kf3 a6 23. bxa6 Rxa6 24. Rcb3 Rca7 25. Rxb6 Rxb6 26. Rxb6 Rxa3 27.
Rb7 Kf8 28. Rb8+ Kg7 29. Rb7 Kf6 30. Rc7 h5 1/2-1/2

[Event "BL 1213 SC Eppingen - OSG Baden Baden"]
[Site "?"]
[Date "2013.04.06"]
[Round "14.7"]
[White "Nisipeanu, Liviu-Dieter"]
[Black "Mann, Christian"]
[Result "1-0"]
[WhiteElo "2661"]
[BlackElo "2447"]
[PlyCount "71"]
[EventDate "2013.??.??"]

1. e4 e6 2. d4 d5 3. Nc3 dxe4 4. Nxe4 Bd7 5. Nf3 Bc6 6. Bd3 Bxe4 7. Bxe4 c6 8.
c3 Nf6 9. Bc2 Bd6 10. O-O Nbd7 11. a4 O-O 12. Re1 Qc7 13. Bg5 h6 14. Bh4 Rad8
15. Qe2 c5 16. Rad1 g5 17. Bg3 Bxg3 18. hxg3 Nb6 19. a5 Nbd5 20. dxc5 Qxc5 21.
Nd4 Qxa5 22. Qf3 Rfe8 23. Re5 Qc7 24. Rde1 Nd7 25. R5e2 N7f6 26. Re5 Nd7 27.
R5e2 N7f6 28. Ba4 Re7 29. Bb3 g4 30. Qd3 Qb6 31. Re5 Red7 32. Bxd5 Nxd5 33. Qd2
Ne7 34. Qxh6 Ng6 35. Nxe6 fxe6 36. Rxe6 1-0

[Event "BL 1213 SC Eppingen - OSG Baden Baden"]
[Site "?"]
[Date "2013.04.06"]
[Round "14.8"]
[White "Vogt, Lothar"]
[Black "Gustafsson, Jan"]
[Result "0-1"]
[WhiteElo "2397"]
[BlackElo "2622"]
[PlyCount "77"]
[EventDate "2013.??.??"]

1. e4 c5 2. Nf3 d6 3. d4 cxd4 4. Qxd4 Nc6 5. Bb5 Bd7 6. Bxc6 Bxc6 7. Nc3 Nf6 8.
Bg5 e6 9. O-O-O Be7 10. Kb1 O-O 11. Qd3 h6 12. Bd2 d5 13. exd5 Nxd5 14. Ne5
Nxc3+ 15. Bxc3 Qxd3 16. Rxd3 Bd5 17. f3 Rfc8 18. a4 f6 19. Ng4 Kf7 20. b3 Bc6
21. Bb2 Rd8 22. Rhd1 e5 23. Ne3 Ke6 24. Kc1 Rxd3 25. Rxd3 Rd8 26. Kd2 h5 27.
Rxd8 Bxd8 28. Kd3 g5 29. h3 Bc7 30. Ke2 h4 31. c4 Bd6 32. Bc3 a6 33. Nc2 Be8
34. a5 Bc5 35. Bd2 Bg6 36. Ne3 Bd4 37. b4 Bb1 38. Nd5 e4 39. Ne3 0-1